| 000 | 00663nas a2200217 4500 | ||
|---|---|---|---|
| 001 | BR9209819 | ||
| 003 | BR-BrBNA | ||
| 005 | 20231205093332.0 | ||
| 007 | ta | ||
| 008 | 230509b bl.|||p| |||| 00| 00por d | ||
| 040 |
_aBR-BrBNA _bpor _cBiblioteca Nacional de Agricultura |
||
| 041 | _a(Pt) | ||
| 072 | _aT01; L74 | ||
| 100 | 1 | _aMesquita, M.M.F. | |
| 245 | 1 | _aDepuracao microbiologica do Bivalve Mytilus edulis | |
| 650 | _aMEXILHAO | ||
| 650 | _aCONTAMINACAO BACTERIANA | ||
| 773 | 0 |
_tRevista Brasileira de Biologia (Brazil) _xISSN 0034-7108 _g(Nov 1989), v. 49(4) p. 933-941 _wBR9209819 |
|
| 909 |
_a202311 _bLúcia _c55 _dLúcia Elande |
||
| 942 |
_2AGRIS _n0 _cANA |
||
| 999 |
_c137605 _d137605 |
||